| 000 | 00566nam a22001937a 4500 | ||
|---|---|---|---|
| 003 | Ost | ||
| 005 | 20260226072524.0 | ||
| 008 | 260226b |||||||| |||| 00| 0 eng d | ||
| 020 | _a9789814667760 | ||
| 040 | _cBT-PhCST | ||
| 050 | _a25647-25648 | ||
| 082 |
_222 _a697 _bWIJ |
||
| 100 | _aWijeysundera, Nihal E. | ||
| 245 | _aPrinciples of heating, ventilation and air conditioning with worked examples / | ||
| 260 |
_aLondon : _bWorld Scientific Publishing, _cc2016. |
||
| 300 |
_axvii, 696 p. : _bill. ; _c23 cm. |
||
| 500 | _aIncludes Index. | ||
| 942 |
_2ddc _cMEC |
||
| 999 |
_c10152 _d10152 |
||